[Event "SVK ECo-C Extraliga 2018-19"]
[Site "Slovakia"]
[Date "2018.11.10"]
[Round "1"]
[White "Hanko, Pavol"]
[Black "Federic, Jozef"]
[Result "1-0"]
[WhiteElo "2086"]
[BlackElo "2213"]
[Annotator "NA"]
[PlyCount "259"]
[EventDate "2018.11.10"]
[EventType "team-tourn"]
[EventCountry "SVK"]
[SourceTitle "playchess.com"]
[Source "ChessBase"]
[SourceQuality "1"]
[WhiteTeam "Dunajov"]
[BlackTeam "Modra"]
[TimeControl "40/5400+30:1800+30"]

1. d4 {[%emt 0:00:14]} d5 {[%emt 0:00:00]} 2. Nf3 {[%emt 0:00:18]} Nf6 {[%emt 0:00:00]} 3. c4 {[%emt 0:00:25]} e6 {[%emt 0:00:21]} 4. Bg5 {[%emt 0:00:54]} Be7 {[%emt 0:01:35]} 5. e3 {[%emt 0:00:27]} O-O {[%emt 0:00:42]} 6. Nc3 {[%emt 0:00:18]} h6 {[%emt 0:02:16]} 7. Bh4 {[%emt 0:02:08]} b6 {[%emt 0:00:47]} 8. Be2 {[%emt 0:01:58]} Bb7 {[%emt 0:04:47]} 9. Bxf6 {[%emt 0:04:02]} Bxf6 {[%emt 0:01:59]} 10. cxd5 {[%emt 0:00:32]} exd5 {[%emt 0:00:14]} 11. b4 {[%emt 0:01:46]} c5 {[%emt 0:08:53]} 12. bxc5 {[%emt 0:01:23]} bxc5 {[%emt 0:00:11]} 13. Rb1 {[%emt 0:00:58]} Bc6 {[%emt 0:08:46] D58: Queen's Gambit Declined: Tartakower Defence} 14. O-O {[%emt 0:01:36] LiveBook: 88 Games} Qa5 {[%emt 0:07:19]} (14... Nd7 15. Bb5 Qc7 16. Qd2 Rab8 17. Bxc6 Qxc6 18. dxc5 Bxc3 19. Qxc3 Qxc5 20. Qxc5 Nxc5 21. Nd4 Rfc8 22. g3 Ne4 23. Rb3 Nd2 24. Rxb8 Rxb8 {½-½ (47) Izoria,Z (2599)-Onischuk,A (2672) Saint Louis 2018}) 15. Qd2 {[%emt 0:06:42]} c4 {[%emt 0:13:19]} 16. e4 $1 $146 {[%emt 0:18:09]} ({Predecessor:} 16. Rfc1 Nd7 17. e4 dxe4 18. Nxe4 Qf5 19. Nd6 Qg6 20. Nxc4 Be4 21. Rb3 Bxf3 22. Bxf3 {1-0 (49) Hanko,P (2179)-Hacik,R (2176) Slovakia 2011}) 16... dxe4 {[%emt 0:02:34] [#]} 17. Nxe4 $1 {[%emt 0:00:21]} Bd8 {[%emt 0:00:43]} 18. Nc3 {[%emt 0:02:18]} ({White should play} 18. Qe3 $16) 18... Na6 {[%emt 0:06:26]} (18... Bf6 $11) 19. Ne5 {[%emt 0:04:34]} Rc8 {[%emt 0:07:28]} 20. Nxc4 {[%emt 0:04:25]} ({White should play} 20. Bxc4 $18 Bf6 21. Rfe1) 20... Qc7 {[%emt 0:00:53]} (20... Qg5 $16 21. Ne3 Qa5) 21. d5 {[%emt 0:12:53]} (21. Ne5 $18 Ba8 22. Rfc1 (22. Bxa6 Qxc3 23. Qe2 Rc7 $16)) 21... Ba8 {[%emt 0:00:44]} 22. Nb5 {[%emt 0:08:43]} Qc5 {[%emt 0:05:54]} 23. Ne3 {[%emt 0:01:16]} Bg5 {[%emt 0:02:25]} 24. Rfd1 {[%emt 0:07:21]} Rcd8 {[%emt 0:06:29]} 25. Nc3 {[%emt 0:02:22]} (25. Bf3 $16) 25... Nc7 {[%emt 0:01:42]} 26. Bf3 {[%emt 0:00:20]} Qa5 {[%emt 0:04:24]} 27. Nb5 {[%emt 0:03:28]} Qb6 {[%emt 0:02:19]} 28. Qd4 $2 {[%emt 0:01:36]} (28. Nxc7 $16 Qxc7 29. d6) 28... Bxe3 {[%emt 0:01:43]} 29. fxe3 {[%emt 0:04:15]} Nxd5 {[%emt 0:00:23]} 30. Nxa7 {[%emt 0:02:32]} Qxd4 {[%emt 0:00:07]} 31. Rxd4 {[%emt 0:00:16]} Nxe3 {[%emt 0:00:19]} 32. Rxd8 {[%emt 0:00:40]} Rxd8 {[%emt 0:00:05]} 33. Nc6 {[%emt 0:00:20]} Re8 {[%emt 0:06:26]} 34. a4 {[%emt 0:00:10]} Nc4 {[%emt 0:01:04]} 35. Rd1 {[%emt 0:02:29]} Bxc6 {[%emt 0:01:28]} 36. Bxc6 {[%emt 0:00:13]} Re5 {[%emt 0:00:30]} 37. Bb5 {[%emt 0:01:21]} Na5 {[%emt 0:00:22]} 38. Kf2 {[%emt 0:00:10]} f5 {[%emt 0:01:28]} 39. Rd8+ {[%emt 0:00:20]} Kh7 {[%emt 0:00:01]} 40. Ra8 {[%emt 0:01:35]} Nb3 {[%emt 0:00:22]} 41. Bd3 {[%emt 0:03:49]} h5 {[%emt 0:06:30]} 42. Rb8 {[%emt 0:01:20]} Nd4 {[%emt 0:01:54]} 43. Rb4 {[%emt 0:00:54]} Ne6 {[%emt 0:01:27]} 44. Rb5 {[%emt 0:05:45]} Nc5 {[%emt 0:00:08]} 45. Bc2 {[%emt 0:01:49]} Kg6 {[%emt 0:00:38]} 46. h4 {[%emt 0:01:23]} Kf6 {[%emt 0:00:18]} 47. Kf3 {[%emt 0:01:37]} Rd5 {[%emt 0:07:29]} 48. Rb6+ {[%emt 0:03:20]} Ke5 {[%emt 0:00:19]} 49. Rg6 {[%emt 0:01:41]} Rd2 {[%emt 0:02:51]} 50. Bxf5 {[%emt 0:01:31]} Nxa4 {[%emt 0:00:15]} 51. Bh3 {[%emt 0:00:40]} Rd3+ {[%emt 0:01:07]} 52. Ke2 {[%emt 0:00:43]} Rd4 {[%emt 0:02:05]} 53. Rg5+ $11 {[%emt 0:01:07]} Kf6 {[%emt 0:00:20]} 54. Rxh5 {[%emt 0:00:54]} Re4+ {[%emt 0:03:41]} 55. Kf3 {[%emt 0:00:19]} Re5 {[%emt 0:00:06]} 56. Rh8 {[%emt 0:00:20]} Nc5 {[%emt 0:00:21]} 57. Ra8 {[%emt 0:00:15]} Nd3 {[%emt 0:00:50]} 58. Ra6+ {[%emt 0:00:26]} Kf7 {[%emt 0:00:13]} 59. g3 {[%emt 0:00:37]} Ne1+ {[%emt 0:02:48]} 60. Kg4 {[%emt 0:01:15]} Nd3 {[%emt 0:00:19]} 61. Bf1 {[%emt 0:00:59]} Nc5 {[%emt 0:00:52]} 62. Rc6 {[%emt 0:01:44]} Ne4 {[%emt 0:01:18]} 63. Bc4+ {[%emt 0:03:35]} Ke8 {[%emt 0:00:21]} 64. Kf4 {[%emt 0:00:31]} Re7 {[%emt 0:00:10]} 65. Bd3 {[%emt 0:01:54]} Nf6 {[%emt 0:00:39]} 66. g4 {[%emt 0:00:54]} Ra7 {[%emt 0:02:02]} 67. Kg5 {[%emt 0:01:21]} Rd7 {[%emt 0:03:09]} 68. Bf5 {[%emt 0:00:25]} Rd4 {[%emt 0:00:24]} 69. h5 {[%emt 0:00:22]} Nd5 {[%emt 0:01:18]} 70. Ra6 {[%emt 0:00:41]} Ne7 {[%emt 0:01:29]} 71. Be6 {[%emt 0:01:58]} Kd8 {[%emt 0:00:41]} 72. h6 {[%emt 0:02:51]} gxh6+ {[%emt 0:00:02]} 73. Kxh6 {[%emt 0:00:08]} Rd2 {[%emt 0:00:42]} 74. Kg5 {[%emt 0:00:28]} Rf2 {[%emt 0:00:54]} 75. Bf5 {[%emt 0:00:19]} Ke8 {[%emt 0:00:55]} 76. Be6 {[%emt 0:00:51]} Kf8 {[%emt 0:00:34]} 77. Ra8+ {[%emt 0:00:45]} Kg7 {[%emt 0:00:01]} 78. Re8 {[%emt 0:00:11]} Nc6 {[%emt 0:00:10]} 79. Rg8+ {[%emt 0:00:20]} Kh7 {[%emt 0:00:02]} 80. Rc8 {[%emt 0:00:11]} Ne5 {[%emt 0:00:29]} 81. Rc7+ {[%emt 0:01:08]} Kh8 {[%emt 0:00:03]} 82. Bf5 {[%emt 0:00:26]} Kg8 {[%emt 0:00:53]} 83. Re7 {[%emt 0:00:43]} Nxg4 {[%emt 0:01:44]} 84. Bxg4 {[%emt 0:00:08]} Kf8 {[%emt 0:00:15]} 85. Re1 {[%emt 0:00:09]} Kg7 {[%emt 0:00:25]} 86. Ra1 {[%emt 0:00:12]} Rf7 {[%emt 0:00:15]} 87. Be6 {[%emt 0:00:25]} Rc7 {[%emt 0:00:28]} 88. Ra8 {[%emt 0:00:39]} Rc5+ {[%emt 0:00:19]} 89. Bf5 {[%emt 0:00:08]} Rc7 {[%emt 0:00:03]} 90. Ra6 {[%emt 0:00:10]} Kf8 {[%emt 0:00:47]} 91. Rh6 {[%emt 0:00:20]} Ke7 {[%emt 0:00:18]} 92. Re6+ {[%emt 0:00:16]} Kd8 {[%emt 0:00:28]} 93. Kf6 {[%emt 0:00:17]} Rc5 {[%emt 0:00:26]} 94. Ra6 {[%emt 0:00:34]} Kc7 {[%emt 0:00:07]} 95. Ra2 {[%emt 0:00:24]} Kb6 {[%emt 0:00:13]} 96. Bd7 {[%emt 0:00:28]} Rc1 {[%emt 0:00:19]} 97. Rd2 {[%emt 0:00:41]} Re1 {[%emt 0:00:15]} 98. Be6 {[%emt 0:00:16]} Kc5 {[%emt 0:00:07]} 99. Ke7 {[%emt 0:00:26]} Re3 {[%emt 0:00:25]} 100. Rd5+ {[%emt 0:00:18]} Kb4 {[%emt 0:00:06]} 101. Kd6 {[%emt 0:00:07]} Kc3 {[%emt 0:00:11]} 102. Bf5 {[%emt 0:00:35]} Kb4 {[%emt 0:00:35]} 103. Rd4+ {[%emt 0:00:26]} Kc3 {[%emt 0:00:10]} 104. Kd5 {[%emt 0:00:23]} Rf3 {[%emt 0:00:54]} 105. Be4 {[%emt 0:00:26]} Rg3 {[%emt 0:00:34]} 106. Rc4+ {[%emt 0:00:23]} Kd2 {[%emt 0:00:42]} 107. Kd4 {[%emt 0:00:13]} Ra3 {[%emt 0:00:14]} 108. Rc2+ {[%emt 0:00:48]} Ke1 {[%emt 0:00:54]} 109. Bd3 {[%emt 0:00:16]} Ra7 {[%emt 0:00:56]} 110. Ke3 {[%emt 0:01:13]} Kd1 {[%emt 0:00:40]} 111. Rd2+ {[%emt 0:01:16]} Kc1 {[%emt 0:00:14]} 112. Rc2+ {[%emt 0:00:27]} Kd1 {[%emt 0:00:01]} 113. Rb2 {[%emt 0:00:16]} Rc7 {[%emt 0:00:29]} 114. Kd4 {[%emt 0:01:50]} Kc1 {[%emt 0:01:03]} 115. Rh2 {[%emt 0:00:47]} Ra7 {[%emt 0:01:11]} 116. Bc4 {[%emt 0:01:36]} Ra3 {[%emt 0:00:32]} 117. Rg2 {[%emt 0:00:26]} Kb1 {[%emt 0:00:58]} 118. Kc5 {[%emt 0:00:35]} Kc1 {[%emt 0:00:21]} 119. Kb4 {[%emt 0:00:18]} Re3 {[%emt 0:00:19]} 120. Bd5 {[%emt 0:01:12]} Rd3 {[%emt 0:00:42]} 121. Kc4 {[%emt 0:00:15]} Rd2 {[%emt 0:00:17]} 122. Rg8 {[%emt 0:01:36]} Rh2 {[%emt 0:00:15]} 123. Be4 {[%emt 0:00:07]} Rf2 {[%emt 0:00:58]} 124. Kc3 {[%emt 0:00:33]} Rc2+ {[%emt 0:00:07]} 125. Kd3 {[%emt 0:00:24]} Rd2+ {[%emt 0:00:11]} 126. Ke3 {[%emt 0:00:06]} Rd1 {[%emt 0:02:12]} 127. Rb8 {[%emt 0:01:05]} Re1+ {[%emt 0:00:05]} 128. Kd3 {[%emt 0:00:06]} Rg1 {[%emt 0:02:18]} 129. Kc3 {[%emt 0:00:24]} Kd1 {[%emt 0:00:02]} 130. Rb1+ {[%emt 0:00:13]} 1-0

[Event "SVK ECo-C Extraliga 2018-19"]
[Site "Slovakia"]
[Date "2018.11.11"]
[Round "2"]
[White "Miton, Kamil"]
[Black "Vykouk, Jan"]
[Result "1/2-1/2"]
[WhiteElo "2590"]
[BlackElo "2423"]
[Annotator "ChessBase"]
[PlyCount "67"]
[EventDate "2018.11.10"]
[EventType "team-tourn"]
[EventCountry "SVK"]
[SourceTitle "playchess.com"]
[Source "ChessBase"]
[SourceQuality "1"]
[WhiteTeam "Dunajov"]
[BlackTeam "Osuske"]
[TimeControl "40/5400+30:1800+30"]

1. d4 {[%emt 0:00:00]} e6 {[%emt 0:00:00]} 2. e4 {[%emt 0:00:28]} d5 {[%emt 0:00:00]} 3. e5 {[%emt 0:00:04]} c5 {[%emt 0:00:00]} 4. c3 {[%emt 0:00:05]} Nc6 {[%emt 0:00:00]} 5. Nf3 {[%emt 0:00:10]} Qb6 {[%emt 0:00:11]} 6. a3 {[%emt 0:00:14]} cxd4 {[%emt 0:04:32]} 7. cxd4 {[%emt 0:00:55]} Nge7 {[%emt 0:00:16]} 8. Nc3 {[%emt 0:07:22]} Bd7 {[%emt 0:01:05]} 9. Na4 {[%emt 0:05:07]} Qc7 {[%emt 0:00:16]} 10. Bd3 {[%emt 0:07:51]} Nf5 {[%emt 0:07:05]} 11. Bxf5 {[%emt 0:00:36]} exf5 {[%emt 0:00:06]} 12. O-O {[%emt 0:00:06]} Be6 {[%emt 0:00:34]} 13. b4 {[%emt 0:05:31]} h6 {[%emt 0:00:52]} 14. Bd2 {[%emt 0:01:40]} Be7 {[%emt 0:01:15]} 15. Rc1 {[%emt 0:01:20]} a6 {[%emt 0:00:36]} 16. Ne1 {[%emt 0:04:55]} O-O {[%emt 0:00:42]} 17. Nd3 {[%emt 0:00:12]} Rfc8 {[%emt 0:01:11]} 18. Nf4 {[%emt 0:05:30]} Qd8 {[%emt 0:02:03]} 19. Be3 {[%emt 0:04:31]} g5 {[%emt 0:09:31]} 20. Nxe6 {[%emt 0:07:27]} fxe6 {[%emt 0:00:05]} 21. Qh5 {[%emt 0:00:16]} Kg7 {[%emt 0:00:17]} 22. f4 {[%emt 0:00:30]} Qe8 {[%emt 0:02:12]} 23. Qd1 {[%emt 0:01:55]} Rc7 {[%emt 0:01:28]} 24. fxg5 {[%emt 0:19:13]} hxg5 {[%emt 0:00:29]} 25. Rc3 {[%emt 0:02:33]} Qg6 {[%emt 0:02:15]} 26. Nc5 {[%emt 0:00:52]} Bxc5 {[%emt 0:00:28]} 27. bxc5 {[%emt 0:00:23]} g4 {[%emt 0:04:42]} 28. Qd2 {[%emt 0:01:51]} Rh8 {[%emt 0:04:47]} 29. Rb3 {[%emt 0:02:12]} Rh7 {[%emt 0:00:58]} 30. Bg5 {[%emt 0:01:29]} Kf8 {[%emt 0:00:43]} 31. Bf6 {[%emt 0:02:57]} Qh6 {[%emt 0:00:56]} 32. Qxh6+ {[%emt 0:00:20]} Rxh6 {[%emt 0:00:04]} 33. Rfb1 {[%emt 0:05:18]} Rhh7 {[%emt 0:01:45]} 34. Rd3 {[%emt 0:00:41]} 1/2-1/2

[Event "SVK ECo-C Extraliga 2018-19"]
[Site "Slovakia"]
[Date "2018.11.11"]
[Round "2"]
[White "Michalik, Peter"]
[Black "Motuz, Karol"]
[Result "1/2-1/2"]
[WhiteElo "2564"]
[BlackElo "2367"]
[Annotator "ChessBase"]
[PlyCount "40"]
[EventDate "2018.11.10"]
[EventType "team-tourn"]
[EventCountry "SVK"]
[SourceTitle "playchess.com"]
[Source "ChessBase"]
[SourceQuality "1"]
[WhiteTeam "Modra"]
[BlackTeam "Dubnica"]
[TimeControl "40/5400+30:1800+30"]

1. e4 {[%emt 0:00:00]} e6 {[%emt 0:00:00]} 2. Qe2 {[%emt 0:00:00]} c5 {[%emt 0:01:13]} 3. Nf3 {[%emt 0:00:00]} Nc6 {[%emt 0:00:17]} 4. g3 {[%emt 0:00:01]} g6 {[%emt 0:02:28]} 5. Na3 {[%emt 0:04:34]} Bg7 {[%emt 0:07:00]} 6. Bg2 {[%emt 0:06:58]} Nge7 {[%emt 0:01:40]} 7. O-O {[%emt 0:00:30]} O-O {[%emt 0:05:32]} 8. c3 {[%emt 0:01:16]} d5 {[%emt 0:07:32]} 9. e5 {[%emt 0:00:08]} Nf5 {[%emt 0:02:49]} 10. d3 {[%emt 0:01:57]} h6 {[%emt 0:01:42]} 11. Nc2 {[%emt 0:06:53]} b6 {[%emt 0:03:37]} 12. b4 {[%emt 0:05:24]} cxb4 {[%emt 0:17:51]} 13. cxb4 {[%emt 0:00:05]} b5 {[%emt 0:02:29]} 14. Bb2 {[%emt 0:11:34]} Bd7 {[%emt 0:01:24]} 15. Rac1 {[%emt 0:06:22]} a5 {[%emt 0:02:38]} 16. Bc3 {[%emt 0:02:42]} Qe7 {[%emt 0:04:41]} 17. g4 {[%emt 0:03:29]} axb4 {[%emt 0:08:57]} 18. Be1 {[%emt 0:06:08]} Nh4 {[%emt 0:07:04]} 19. Nxh4 {[%emt 0:00:04]} Qxh4 {[%emt 0:00:01]} 20. Nxb4 {[%emt 0:00:11]} Nd4 {[%emt 0:10:25]} 1/2-1/2

[Event "SVK ECo-C Extraliga 2018-19"]
[Site "Slovakia"]
[Date "2018.11.11"]
[Round "2"]
[White "Aczel, Gergely"]
[Black "Vajda, Levente"]
[Result "1/2-1/2"]
[WhiteElo "2549"]
[BlackElo "2547"]
[Annotator "TA"]
[PlyCount "96"]
[EventDate "2018.11.10"]
[EventType "team-tourn"]
[EventCountry "SVK"]
[SourceTitle "playchess.com"]
[Source "ChessBase"]
[SourceQuality "1"]
[WhiteTeam "Podhajska"]
[BlackTeam "Streda"]

{[%evp 25,96,0,24,3,17,22,17,-7,0,0,4,-2,12,-2,64,17,22,22,18,25,20,28,18,20,27,29,40,18,47,53,64,44,67,43,68,78,60,33,108,60,136,79,119,19,15,14,5,-32,-32,-32,-32,-36,-33,-32,-32,-38,-33,-35,-34,-26,-32,-33,-18,-32,-32,-35,-35,-35,-35,-56,-43,-43,-50]} 1. d4 d5 2. c4 e6 3. Nc3 Nf6 4. cxd5 exd5 5. Bg5 Be7 6. e3 c6 7. Bd3 Nbd7 8. h3 O-O 9. Qc2 Re8 10. Nf3 Ne4 11. Bf4 Ndf6 12. O-O Bd6 {D36: Queen's Gambit Declined: Exchange Variation: Main line (5 Bg5 c6 6 Qc2)} 13. Ne5 (13. Bxd6 Nxd6 14. b4 Nfe4 15. Ne5 Nxc3 16. Qxc3 Bf5 17. Bxf5 Nxf5 18. b5 cxb5 19. Qb3 f6 20. Nd3 {0-1 (38) Eljanov,P (2707)-Kryvoruchko,Y (2659) Kiev 2013}) 13... g6 {[#] LiveBook: 4 Games} 14. Rfe1 $146 ({Predecessor:} 14. Ne2 Nh5 15. Bh2 f6 16. f3 fxe5 17. fxe4 exd4 18. e5 Bxe5 19. Bxe5 Rxe5 20. Bxg6 {1-0 (64) Ramirez,A (2593)-Kaidanov,G (2594) Saint Louis 2012}) 14... Qe7 {The position is equal.} 15. Rab1 Be6 16. f3 Nxc3 17. bxc3 Nh5 18. Bh2 c5 19. Qf2 Rab8 (19... Rac8 $11) 20. Bf1 f6 21. Ng4 Bxh2+ 22. Kxh2 b6 23. e4 dxe4 24. fxe4 Rf8 25. Kg1 Qc7 26. Ne3 cxd4 27. cxd4 {[%cal Bc3d4,Bd4d5][%mdl 32]} Rbe8 28. Bb5 $36 {[%mdl 2048] aiming for Rbc1. Black is under pressure.} Rd8 29. Rbc1 Qb8 30. d5 Bd7 31. a4 Nf4 (31... Qf4 $14) 32. Qf1 Qe5 (32... Bc8 $14) 33. Bxd7 $16 Rxd7 {[#]} 34. Rc4 ({White should try} 34. Ng4 $1 $16 {[%cal Rg4e5]} Qg5 35. g3) 34... Qg5 $11 35. Kh2 f5 {Threatening ...fxe4.} ({Don't play} 35... b5 $6 36. axb5 Qe5 37. g3 $16) 36. e5 Nxd5 37. Nxd5 Rxd5 38. Qf3 Rd7 39. e6 Re7 40. Qd5 Qf6 41. Rc6 Kg7 42. Rd6 Rfe8 43. Rd7 Kh6 {[%cal Re7e6]} 44. Rxe7 Rxe7 {Black is slightly better.} 45. Re2 Kg7 46. Qd6 h5 {[%cal Bh7h5,Bh5h4][%mdl 32]} 47. Re1 h4 48. Kh1 Kh7 {Accuracy: White = 52%, Black = 41%.} 1/2-1/2

[Event "SVK ECo-C Extraliga 2018-19"]
[Site "Slovakia"]
[Date "2018.11.11"]
[Round "2"]
[White "Bulski, Krzysztof"]
[Black "Karas, Marek"]
[Result "1/2-1/2"]
[WhiteElo "2544"]
[BlackElo "2224"]
[Annotator "TA"]
[PlyCount "136"]
[EventDate "2018.11.10"]
[EventType "team-tourn"]
[EventCountry "SVK"]
[SourceTitle "playchess.com"]
[Source "ChessBase"]
[SourceQuality "1"]
[WhiteTeam "Dunajov"]
[BlackTeam "Osuske"]

{[%evp 30,136,31,31,34,0,43,39,46,41,83,87,96,88,117,97,97,97,97,93,97,97,104,99,122,98,209,22,12,0,89,104,100,114,160,102,131,146,110,83,75,78,205,85,80,89,89,87,77,110,102,8,8,8,28,0,0,0,0,0,0,0,0,0,0,0,0,0,8,8,8,0,8,8,8,8,8,0,0,0,0,0,0,0,0,0,0,0,8,8,8,8,8,8,8,8,8,8,8,8,8,8,8,8,8,8,8,0,0]} 1. d4 Nf6 2. c4 e6 3. Nc3 d5 4. cxd5 Nxd5 5. e4 Nxc3 6. bxc3 c5 7. Nf3 cxd4 8. cxd4 Bb4+ 9. Bd2 Bxd2+ 10. Qxd2 O-O 11. Bc4 Nd7 12. O-O b6 13. Rfe1 Bb7 14. a4 {D41: Queen's Gambit Declined: Semi-Tarrasch with 5 cxd5} (14. Rad1 Rc8 15. Bb3 Re8 16. h4 h6 17. Qf4 Qc7 18. Qxc7 Rxc7 19. d5 Nc5 20. d6 Rd7 21. Bc4 Red8 22. e5 Bxf3 23. gxf3 {1-0 (35) Vachier Lagrave,M (2779)-Dominguez Perez,L (2739) chess.com INT 2018}) 14... Rc8 15. Bd3 a5 16. Qb2 {LiveBook: 4 Games. White is slightly better.} Qc7 {[#]} 17. Ra3 $146 ({Predecessor:} 17. Rac1 Qb8 18. Nd2 Rxc1 19. Rxc1 Rc8 20. Rxc8+ Qxc8 {½-½ (38) Zakharov,V (2512)-Reichert,T (2344) ICCF email 2015}) 17... Qf4 18. Nd2 {[%cal Bf3d2,Bd2c4,Bc4d6][%mdl 32]} Rfd8 19. Nc4 Rb8 20. g3 Qf6 21. e5 Qh6 22. Nd6 Bd5 23. Be4 Bxe4 24. Nxe4 f6 25. f4 fxe5 26. fxe5 Rbc8 27. Nd6 Rc6 (27... Rc7 $16) 28. Qg2 $2 ({Better is} 28. Rf3 $18) 28... Rc1 $11 29. Qe2 Nb8 (29... Rxe1+ $11 30. Qxe1 Nf6) 30. Rf3 $16 Rxe1+ 31. Qxe1 Qh5 32. Qe4 (32. Qe2 $142 Qg6 33. Qc4) 32... Nd7 33. Kg2 Rf8 34. Rxf8+ (34. h4 {looks sharper.} h6 35. Rd3 Kh8 36. Kh3 g5 37. Qg4) 34... Nxf8 35. h4 g5 {[#]} (35... h6 $16 {was called for.}) 36. Qf3 (36. g4 $1 $18 {[%cal Rg4h5] and the rest is easy.} Qg6 37. h5) 36... Qxf3+ 37. Kxf3 gxh4 38. gxh4 {[%mdl 4096] Endgame KN-KN} Ng6 39. h5 Ne7 40. h6 (40. Ke4 $16) 40... Nd5 $11 41. Ne4 {next Kg4 is good for White.} Nc7 42. Ng5 b5 $1 {[%cal Rb5a4] The position is equal.} 43. axb5 Nxb5 44. Nxe6 a4 45. d5 {[#] Hoping for d6.} Kf7 {aiming for ...a3.} (45... a3 $5 46. d6 $8 Na7 $16) 46. Nc5 a3 47. Ke4 a2 48. Nb3 Ke7 49. Kd3 Kd7 50. Na1 Nc7 51. Kc4 Na8 52. Kc5 Nc7 53. Nb3 Na6+ 54. Kc4 Nc7 55. Kc5 Na6+ 56. Kb5 Nc7+ 57. Kc4 Na6 58. Kc3 {Threatens to win with Kb2.} Ke7 59. Kb2 Nb4 60. d6+ Ke6 61. Nd4+ Kd7 62. Ka1 Nd3 63. Nf3 Nxe5 64. Nxe5+ Kxd6 65. Ng6 Ke6 66. Nf8+ Kf7 67. Nxh7 Kg6 68. Kxa2 Kxh7 {Precision: White = 66%, Black = 50%.} 1/2-1/2

[Event "SVK ECo-C Extraliga 2018-19"]
[Site "Slovakia"]
[Date "2018.11.11"]
[Round "2"]
[White "Leniart, Arkadiusz"]
[Black "Repka, Christopher"]
[Result "0-1"]
[WhiteElo "2505"]
[BlackElo "2478"]
[Annotator "TA"]
[PlyCount "86"]
[EventDate "2018.11.10"]
[EventType "team-tourn"]
[EventCountry "SVK"]
[SourceTitle "playchess.com"]
[Source "ChessBase"]
[SourceQuality "1"]
[WhiteTeam "Prakovce"]
[BlackTeam "Zilina"]

{[%evp 12,86,38,21,34,32,34,29,27,10,6,12,14,-36,-29,-30,-36,-123,-125,-183,0,0,0,-30,0,-52,-52,-52,-51,-70,-56,-127,-129,-132,-114,-112,-109,-109,-104,-102,-90,-129,-143,-195,-173,-310,-304,-357,-231,-220,-158,-372,-376,-515,-509,-627,-624,-613,-610,-596,-578,-588,-522,-533,-514,-595,-580,-593,-577,-615,-609,-707,-646,-731,-700,-672,-751]} 1. e4 e5 2. Nf3 Nc6 3. c3 Nf6 4. d4 d6 5. Bb5 Bd7 6. O-O Be7 7. Qe2 {LiveBook: 27 Games} (7. Bd3 {is more complex.} O-O 8. a3 a5 9. h3 a4 10. Be3) 7... a6 {C44: Ponziani Opening and Scotch Gambit} (7... O-O 8. Rd1 exd4 9. cxd4 d5 10. e5 Ne4 11. Nc3 Nxc3 12. bxc3 Qc8 13. Bd3 Bf5 14. Bxf5 Qxf5 15. Qb5 {½-½ (25) Dgebuadze,A (2527)-Davies,N (2512) Sunningdale 2006}) 8. Bxc6 Bxc6 9. dxe5 dxe5 {White has an edge.} 10. Nxe5 Bxe4 11. Rd1 Qc8 12. Bg5 $146 {Strongly threatening Bxf6.} ({Predecessor:} 12. Nd7 Nxd7 13. Qxe4 Nc5 14. Qe2 Qe6 15. Qxe6 Nxe6 {½-½ (33) Korchagina,V (2172)-Frolochkin,V (2305) St Petersburg 2009}) 12... Qf5 13. Bxf6 gxf6 14. Ng4 (14. Nf3 $15 Bxf3 15. Qxf3 Qxf3 16. gxf3) 14... Rg8 $17 15. Ne3 (15. f3 $17 {was worth a try.} Bxf3 16. gxf3) 15... Qe6 $2 (15... Qh3 $1 $19 16. Qf1 Bf3) 16. g3 $1 $11 Bc6 $40 {[%mdl 128] Black mounts an attack.} 17. Qc4 Bd6 18. Qxe6+ ({Better is} 18. Nd2 $11) 18... fxe6 $15 19. Nc4 Bc5 20. b4 Ba7 21. a4 {[#]} ({White should play} 21. Na5 $15) 21... h5 $1 $17 {[%cal Bh7h5,Bh5h4][%mdl 32]} 22. Nbd2 {[#]} h4 $1 {[%cal Rh4g3] ...hxg3 is the strong threat.} 23. Kf1 O-O-O 24. b5 Bd5 25. Ke2 Rg5 26. gxh4 Rh5 27. b6 (27. Rac1 $17) 27... cxb6 28. Rab1 (28. Ne3 {was called for.}) 28... Bc6 $19 ({Don't do} 28... Rxh4 29. Nxb6+ Bxb6 30. Rxb6 $19) 29. Nf3 Rxd1 (29... Bxa4 $2 30. Rxd8+ Kxd8 31. Rg1 $17) 30. Rxd1 Bxa4 31. Nd6+ $2 (31. Rg1 $17) 31... Kc7 32. Rd4 Bc6 {Black is clearly winning.} 33. Ne4 b5 34. Ng3 Bxd4 35. Nxh5 Bxc3 {[%mdl 4096] Endgame KBB-KNN} 36. Nf4 Kd7 37. h5 Ke7 38. h6 Be4 39. Ke3 Bh7 40. Ne2 Bb4 41. Ned4 Kd7 42. Ke2 Bf8 43. Nb3 b6 {Precision: White = 29%, Black = 72%.} 0-1